Library Banner

Toward Islamization of disciplines/ (Record no. 99171)

MARC details
000 -LEADER
fixed length control field 00371nam a22001337a 4500
005 - DATE AND TIME OF LATEST TRANSACTION
control field 20200512113408.0
008 - FIXED-LENGTH DATA ELEMENTS--GENERAL INFORMATION
fixed length control field 171013b xxu||||| |||| 00| 0 eng d
020 ## - INTERNATIONAL STANDARD BOOK NUMBER
International Standard Book Number 091246321X
040 ## - CATALOGING SOURCE
Transcribing agency PK-LaUMT
082 ## - DEWEY DECIMAL CLASSIFICATION NUMBER
Classification number PKAC 297.07
Item number TOW-
245 ## - TITLE STATEMENT
Title Toward Islamization of disciplines/
260 ## - PUBLICATION, DISTRIBUTION, ETC. (IMPRINT)
Place of publication, distribution, etc Virginia:
Name of publisher, distributor, etc International institute of Islamic thought,
Date of publication, distribution, etc 1989
942 ## - ADDED ENTRY ELEMENTS (KOHA)
Koha item type Books
Holdings
Withdrawn status Lost status Damaged status Home library Current library Date acquired Full call number Barcode Date last seen Price effective from Koha item type
      UMT Main Campus UMT Main Campus 2017-10-13 PKAC 297.07 TOW- 114973 2017-10-13 2017-10-13 Books